Loading...
| Science - Physics | 0 | 8 | 1 | 1 | 75 | 59 | 95.13 | 1 | 3 |
| Science - Other Science | 0 | 4 | 0 | 1 | 40 | 83 | 98.75 | 1 | 1 |
| Literature - British Literature | 0 | 3 | 0 | 0 | 30 | 123 | 129.67 | 0 | 0 |
| History - European History | 0 | 3 | 0 | 1 | 30 | 110 | 124.00 | 0 | 0 |
| Science - Chemistry | 0 | 3 | 0 | 1 | 30 | 86 | 108.33 | 0 | 0 |
| Social Science | 0 | 3 | 0 | 0 | 30 | 70 | 84.33 | 0 | 2 |
| Science - Biology | 0 | 3 | 0 | 1 | 30 | 50 | 102.33 | 0 | 1 |
| Fine Arts - Classical Music | 0 | 3 | 1 | 0 | 25 | 80 | 94.67 | 0 | 1 |
| History - American History | 0 | 3 | 1 | 0 | 25 | 90 | 98.33 | 0 | 0 |
| Pop Culture | 0 | 2 | 0 | 0 | 20 | 34 | 81.50 | 1 | 2 |
| Mythology | 0 | 2 | 0 | 1 | 20 | 112 | 125.00 | 0 | 0 |
| Literature - European Literature | 0 | 2 | 0 | 0 | 20 | 132 | 140.00 | 0 | 0 |
| Religion | 0 | 2 | 0 | 0 | 20 | 111 | 115.50 | 0 | 1 |
| Fine Arts - Painting and Sculpture | 0 | 2 | 1 | 0 | 15 | 94 | 102.00 | 0 | 0 |
| Literature - American Literature | 0 | 1 | 0 | 0 | 10 | 114 | 114.00 | 0 | 0 |
| History - Other History | 0 | 1 | 0 | 0 | 10 | 51 | 51.00 | 0 | 1 |
| Geography | 0 | 1 | 0 | 0 | 10 | 94 | 94.00 | 0 | 0 |
| Literature - World Literature | 0 | 1 | 0 | 0 | 10 | 73 | 73.00 | 0 | 0 |
| Other Academic | 0 | 1 | 1 | 0 | 5 | 97 | 97.00 | 0 | 1 |
| Philosophy | 0 | 0 | 0 | 0 | 0 | 0.00 | 0 | 0 |